Chester Bennington or Emily Armstrong? (Linkin Park) - Statistics

General Stats
  • This quiz has been taken 46 times
  • The average score is 15 of 16
Answer Stats
Question Answer % Correct
Faint Chester Bennington
100%
Waiting For The End Chester Bennington
100%
Heavy Is The Crown Emily Armstrong
100%
By Myself Chester Bennington
98%
Lost Chester Bennington
95%
Fighting Myself Chester Bennington
93%
Two faced Emily Armstrong
93%
Talking To Myself Chester Bennington
91%
Casualty Emily Armstrong
91%
Cut the bridge Emily Armstrong
91%
The Catalyst Chester Bennington
89%
In Pieces Chester Bennington
89%
Over Each Other Emily Armstrong
89%
Stained Emily Armstrong
86%
Overflow Emily Armstrong
82%
Good Things Go Emily Armstrong
77%
No matching quizzes found
Score Distribution
Percent of People with Each Score
Percentile by Number Answered
Your Score History
You have not taken this quiz